000 00346nam a22001577a 4500
003 SGT
020 _a9789353168407
082 _a612
_bG22B
100 _aBarrett, Kim E.
245 _aGanong's Review of Medical Physiology
250 _a26th
260 _bMc Graw Hill
_c2022
300 _a742
650 _aPhysiology
942 _2ddc
_cBK
_01
999 _c24792
_d24792